UM Logo

Protecting small businesses from fraud: (Record no. 16060)

MARC details
000 -LEADER
fixed length control field 00604nam a2200157 4500
008 - FIXED-LENGTH DATA ELEMENTS--GENERAL INFORMATION
fixed length control field 210407b ||||| |||| 00| 0 eng d
022 ## - INTERNATIONAL STANDARD SERIAL NUMBER
International Standard Serial Number 0732-8435
082 ## - DEWEY DECIMAL CLASSIFICATION NUMBER
Classification number DPer 657.05 C33 Sept-Dec 2011 v. 81 n. 9-12
100 ## - MAIN ENTRY--PERSONAL NAME
Personal name Kapp, Linda A.
9 (RLIN) 43049
245 ## - TITLE STATEMENT
Title Protecting small businesses from fraud:
Remainder of title simple controls can reduce opportunities/
Statement of responsibility, etc. Linda A. Kapp and Gordon Heslop.
260 ## - PUBLICATION, DISTRIBUTION, ETC. (IMPRINT)
Place of publication, distribution, etc. New York:
Name of publisher, distributor, etc. The New York State Society of CPA,
Date of publication, distribution, etc. ©2011.
300 ## - PHYSICAL DESCRIPTION
Extent v81 n10, pages 62-67:
Other physical details color illustrations;
Dimensions 28 cm.
650 ## - SUBJECT ADDED ENTRY--TOPICAL TERM
Topical term or geographic name as entry element Fraud.
9 (RLIN) 38417
700 ## - ADDED ENTRY--PERSONAL NAME
Personal name Heslop, G.
Relator term Author.
9 (RLIN) 43050
942 ## - ADDED ENTRY ELEMENTS (KOHA)
Source of classification or shelving scheme Dewey Decimal Classification
Koha item type Periodicals
Holdings
Withdrawn status Lost status Source of classification or shelving scheme Damaged status Not for loan Collection code Home library Current library Date acquired Total Checkouts Full call number Date last seen Price effective from Koha item type Public note
    Dewey Decimal Classification     Periodicals UM Digos College - LIC UM Digos College - LIC 04/07/2021   DPer 657.05 C33 Sept-Dec 2011 v. 81 n. 9-12 04/07/2021 04/07/2021 Periodicals Periodical article